Fr. Conceicao Rodrigues College of Engineering

CMOS logic circuit design (Record no. 30319)

MARC details
000 -LEADER
fixed length control field 00346nam a2200169Ia 4500
082 ## - DEWEY DECIMAL CLASSIFICATION NUMBER
Classification number 621.3815
Item number UYE
100 ## - MAIN ENTRY--PERSONAL NAME
Personal name Uyemura/John P
245 ## - TITLE STATEMENT
Title CMOS logic circuit design
260 ## - PUBLICATION, DISTRIBUTION, ETC.
Name of publisher, distributor, etc. Springer
Date of publication, distribution, etc. 2001
366 ## - TRADE AVAILABILITY INFORMATION
Publishers's discount category 25
300 ## - PHYSICAL DESCRIPTION
Extent 528
546 ## - LANGUAGE NOTE
Language note ENGLISH
-- TTL
650 ## - SUBJECT ADDED ENTRY--TOPICAL TERM
Topical term or geographic name entry element CMOS
654 ## - SUBJECT ADDED ENTRY--FACETED TOPICAL TERMS
Focus term Logic circuit
942 ## - ADDED ENTRY ELEMENTS (KOHA)
Koha item type BOOK
Holdings
Withdrawn status Lost status Damaged status Not for loan Collection Home library Current library Date acquired Source of acquisition Cost, normal purchase price Inventory number Total Checkouts Full call number Barcode Date due Date last seen Date last checked out Cost, replacement price Price effective from Koha item type
        CRC Fr. Agnel's C.Rodrigues College of Engineering Fr. Agnel's C.Rodrigues- College of Engineering 17/03/2023 Mehul Book Sales 596.25 M130423 dt 09.06.2014 1 621.3815 UYE 23134 14/08/2021 12/06/2023 12/06/2023 795.00   BOOK